000 00835nam a2200241Ia 4500
003 GCL
008 140319s9999 xx 000 0 ara d
040 _aGCL /
_cGCL
082 0 4 _a810.9027
_bم ش
100 1 _aمصطفى عبدالغنى
245 1 0 _aشهرزاد : فى الفكر العربى الحديث /
_cمصطفى عبدالغنى
300 _a247 ص
490 _aكتاب شرقيات للجميع
_v0
650 0 4 _aالتراث العربى
650 0 4 _aالاساطير العربية
650 0 4 _aالف ليلة وليلة
650 0 4 _aالشخصية فى الادب
650 0 4 _aالادب العربى - تاريخ ونقد
650 0 4 _aشهرزاد
650 0 4 _aالادب الشعبى - تاريخ ونقد
650 0 4 _aالادب الشعبى - العالم العربى
942 _2ddc
_cBK
999 _c39669
_d39669